| 000 | 01003cam a22003137a 4500 | ||
|---|---|---|---|
| 003 | CHAP | ||
| 005 | 20220329135215.0 | ||
| 008 | 971013s1970 r 00010 d | ||
| 010 | _a32611 | ||
| 011 | _a33583 | ||
| 035 | _a37699 | ||
| 040 | _cCHAP | ||
| 090 | _aFolleto 5072 v.17 | ||
| 100 | 0 | 0 |
_aMatuda Matuda, Eizi. _973103 |
| 245 | 1 | 4 | _aLas orquídeas del Estado de México |
| 260 |
_aToluca, Méx. : _bGobierno del Estado de México, _c1970 |
||
| 300 |
_a58 p. _b: ilus |
||
| 590 |
_aBATCH-UPD _b10 _c20130110 _lUCH01 _h1218 |
||
| 590 |
_aBATCH-UPD _b10 _c20130410 _lUCH01 _h0754 |
||
| 590 |
_aBATCH-UPD _b10 _c20130914 _lUCH01 _h0731 |
||
| 590 |
_aCONVERSION _b10 _c20130109 _lUCH01 _h1318 |
||
| 650 | 1 | 4 |
_aBotánica _xMéxico (Edo.) _914593 |
| 650 | 1 | 4 |
_aFlores _xMéxico (Edo.) _941392 |
| 650 | 1 | 4 |
_aOrquidáceas. _983723 |
| 901 | _aBK | ||
| 942 | _cFOLL | ||
| 949 |
_aFolleto 5072 v.17 _bBC _cFOLL _d-86376 _eTS1 _i37699 _mD _si |
||
| 949 |
_aFolleto 5072 v.17 _bBC _cFOLL _d-86377 _eTS2 _fc.2 _i37699 _mD _si |
||
| 999 |
_c32611 _d32611 |
||